Německo-český technický slovník

Gespeichert in:
Bibliographische Detailangaben
Weitere Verfasser: Levinský, Otto
Format: Buch
Sprache:Deutsch
Tschechisch
Veröffentlicht: Praha Státní nakladatelství technické literatury 1983
Ausgabe:2. rev. vyd.
Tags: Tag hinzufügen
Keine Tags, Fügen Sie das erste Tag hinzu!

MARC

LEADER 00000nam a2200000 4500
001 c115326
005 20230117082434.3
041 0 |a ger 
041 0 |a cze 
044 |a CZ 
245 1 0 |a Německo-český technický slovník  |c Red. Otto Levinský 
250 |a 2. rev. vyd. 
264 1 |a Praha  |b Státní nakladatelství technické literatury  |c 1983 
300 |a 1121 s. 
700 1 |a Levinský, Otto